00279nam a2200133Ia 45000030006000000080041000060400015000471000016000622450016000782500013000942600009001075460012001160050017001280STCL150530s9999 xx 000 0 und d aSTCLcSTCL aMilne, A.A. aSunndy side aTwelveth c1931 aEnglish20220125171024.0